| 000 | 00805nam a2200193 a 4500 | ||
|---|---|---|---|
| 001 | 001052540 | ||
| 003 | AM-YeHGA | ||
| 005 | 20250617151020.0 | ||
| 008 | 141219s1975 ||| r 000 0 rus d | ||
| 040 | _aAM-YeHGA | ||
| 041 | 0 | _arus | |
| 100 | 1 | _aХомерики, Отар Квиросиевич | |
| 245 | 1 | 0 |
_aГальваномагнитные элементы и устройства автоматики и вычислительной техники / _cО.К. Хомерики. |
| 260 |
_aМосква : _bЭнергия, _c1975. |
||
| 300 |
_a175 с. : _bил. |
||
| 504 | _aБиблиогр. : с. 171-175 | ||
| 653 | 0 | _aАвтоматика и измерительная техника - Использование гальваномагнитных элементов | |
| 090 | _c344759 | ||
| 999 |
_c342963 _d342963 |
||